[Event "Dyfed Open"]
[Site "?"]
[Date "2018.02.17"]
[Round "3"]
[White "Jukes, Sam"]
[Black "Greatorex, Roger"]
[Result "1/2-1/2"]
[WhiteElo "1762"]
[BlackElo "1722"]
[Annotator "Rudy"]
[PlyCount "173"]
[EventDate "2018.??.??"]

1. e4 g6 2. d4 d6 3. Nf3 Bg7 4. Be2 (4. Nc3) (4. Bc4) 4... a6 5. O-O b5 {a
little early as there is as yet no N on c3 to chase} (5... Nf6) 6. Re1 (6. a4 {
4.5-1.5}) 6... Bb7 7. Bf1 (7. Bd3 Nd7 8. Qe2 c5 9. c3 cxd4 (9... e6 10. a4 b4
11. Nbd2 a5 12. Bb5 cxd4 13. cxd4 Ne7 14. Nc4 Nc8 15. Bg5 Qc7 16. Rac1 Qb8 17.
Nfe5 {Colding-Nguyen, Bethesda Eastern op 2015,1-0}) 10. cxd4 e5 11. a4 b4 12.
Nbd2 {Colding-Nguyen, Bethesda op 2015,1-0}) 7... Nd7 8. c4 (8. a4 b4 9. Nbd2
$16 {Komodo11}) 8... Ngf6 9. Nc3 (9. cxb5 axb5 10. e5 Nd5 11. e6 fxe6 12. Bxb5
$16 {Komodo11}) 9... b4 10. Nd5 Nxd5 (10... c5 $11) 11. cxd5 $16 O-O 12. Bc4 {
obstructs the c file} (12. Bd2 a5 13. Rc1 $16 {Komodo11}) 12... Nb6 13. Bb3 a5
$11 14. a4 Rc8 (14... c6) 15. Qd3 c6 16. dxc6 Bxc6 17. Be3 Bd7 (17... d5 18. e5
Nc4 19. Qe2 Bb7 $11 {Komodo11}) 18. Re2 (18. h3) 18... Bg4 19. Qb5 Bxf3 20.
gxf3 Nd7 21. Rc2 Rxc2 22. Bxc2 e5 23. Rd1 (23. d5 f5 (23... Bf6 $11) 24. Qc6 f4
25. Ba7 Nb8 26. Qb7 Qc8 27. Qxc8 Rxc8 28. Bd3 Nd7 29. Bb5 Rc7 30. Bxd7 Rxa7 31.
Be6+ Kf8 32. Rc1 Bf6 33. Rc8+ Ke7 34. Bg8 h6 35. Kg2 $14 {Komodo11, but its
not at all clear how and where Wh can break in}) 23... exd4 24. Bxd4 Bxd4 25.
Rxd4 Ne5 $17 {the N is superior to the B, hemmed in by its own pawns} (25...
Nc5) (25... Qf6 26. Rd5 Nc5 27. e5 Qxf3 28. Qc4 Ne6 29. Bd1 Qf4 30. Qxf4 Nxf4
31. Rxa5 dxe5 32. Rxe5 Rd8 $15 {Komodo11}) 26. Bd1 Qf6 27. Qd5 Rc8 (27... Rd8
$17) 28. Qxd6 (28. Kg2 Qg5+ 29. Kf1 Qc1 30. Qxd6 Nxf3 (30... Nc4 31. Qf6 Qxb2
32. Be2 Nd2+ 33. Kg2 $11) 31. Rd3 Ng5 32. Qe5 Ne6 $15 {Komodo11}) 28... Qxd6 (
28... Nxf3+ $1 29. Bxf3 Qxf3 $19 30. Rd1 Rc2 31. Qd8+ Kg7 32. Qd4+ Kh6 33. e5
Rxf2 34. Qh4+ Kg7 35. Qf6+ Qxf6 36. exf6+ Rxf6 $19 {Komodo11}) 29. Rxd6 Rc1 (
29... Nc4 30. Rd7 Nxb2 31. Bb3 Rc3 32. Bxf7+ Kf8 33. Ra7 Nd3 34. h4 b3 35. Bxb3
Rxb3 36. Rxa5 h5 $17 {Komodo11}) 30. Kg2 $14 Nc4 31. Rd8+ Kg7 32. b3 Nb2 33.
Be2 Rc3 34. Bc4 (34. Rd5 Rxb3 35. Rxa5 Ra3 36. Ra8 Nxa4 37. Rb8 b3 38. Bb5 Nb2
39. Rb7 g5 40. e5 Kg6 41. f4 (41. Kg3 Kf5 42. Rxf7+ Kxe5 43. Rxh7 Kd5 {and the
b pawn is getting dangerous} 44. Rh5 Kd4 45. Rxg5 Ra5 46. h4 Nd3 47. Rg4+ Kc3
48. Bc4 b2 49. Bxd3 Kxd3 50. Rb4 Ra2 51. Rb6 Kc2 52. h5 b1=Q 53. Rxb1 Kxb1 $11
{draw in all lines except Kh2; Nalimov tablebases}) 41... gxf4 42. Be8 Nd3 43.
Bxf7+ Kg5 44. Bxb3 Nxe5 45. Bc2 Nf3 46. Bxh7 Nh4+ $11) 34... Nxc4 35. bxc4 Rxc4
36. Rb8 $15 b3 (36... Rc5 37. Rb6 Kf8 38. Rb7 Ke8 39. f4 Rc4 40. Rb5 Rxe4 41.
Rxa5 Rxf4 42. Kg3 Rc4 43. Rb5 {Komodo11 likes it, but is drawn, after the a &
b pawn swap off , as they will} b3 44. a5 Ra4 45. Rxb3 Rxa5) 37. Rxb3 Rxa4 38.
Rb6 $11 {should be a draw, the Bl R is in front of its pawn, not behind; and
even if the a pawn gets lost/given up; the pawns all on the same side should
be drawn, especially with the doubled f pawnd} Ra1 39. Ra6 a4 40. f4 a3 41. Kf3
a2 $11 {the Wh K needs to stay covered, or a check releases the Bl R & pawn}
42. e5 Kf8 43. Ra7 Ke8 44. Ke2 Kd8 (44... Rh1 45. Rxa2 Rxh2 $11 {despite the
Bl passed pawn}) 45. Kf3 Kc8 46. Ra3 Kb7 47. Ra4 Kb6 48. Ra3 Kb5 49. Ra8 Kc4 {
with the pawn already on a2 the Bl K has no shelter either if it tries to come
in support of its pawn} 50. Rc8+ Kd3 51. Rd8+ Kc2 52. Rc8+ Kd1 53. Ra8 Ke1 54.
Ra6 (54. Kg2 h5 55. h4 {forms a fortress}) 54... Kf1 55. h4 Kg1 $11 {(draw?)}
56. Ra3 Kh2 57. Ke2 Kg2 58. Rg3+ Kh2 59. Ra3 h5 60. Kf3 Kh3 61. f5 gxf5 (61...
Kxh4 $11 62. fxg6 (62. e6 fxe6 63. fxg6 (63. fxe6 Re1 64. Rxa2 Rxe6 $17) 63...
Rg1 64. Rxa2 Rxg6 $15 (64... Kh3 65. Ra3 Rxg6 66. Re3 Rf6+ 67. Ke2+ Kh2 68. Re5
h4 69. Re4 h3 70. Re3 Rh6 71. Kf1 $11)) 62... fxg6 63. Kf4 Rg1 64. Rxa2 Rg4+
65. Ke3 Kg5 $11 {Komodo11 & Nalimov tablebases}) 62. Kf4+ (62. Ra4 Re1 63. Rxa2
Rxe5 64. Ra1 Kh2 (64... Kxh4 $2 65. Kf4 $18) 65. Kf4 Re4+ 66. Kxf5 Rxh4 67. Kg5
Rc4 68. Kxh5 Rf4 69. Ra2 Kg2 70. Kg5 Rxf2 71. Rxf2+ Kxf2 72. Kf6 $11) 62... Kg2
63. Kxf5 {but this becomes tricky} (63. f3 Kh3 64. Kxf5 Kxh4 65. f4 Rf1 66.
Rxa2 Kg3 67. Kg5 h4 68. Ra3+ Rf3 69. Rxf3+ Kxf3 70. f5 h3 71. e6 fxe6 72. fxe6
h2 73. e7 h1=Q 74. e8=Q Qc1+ $11 {Komodo11}) 63... Kxf2 64. Kf6 {Wh is on thin
ice} (64. Kf4 Ke2 65. Ke4 $11 {following the K and not allowing a check} Kd2
66. Kd4 Kc2 67. Kc4 Kb2 68. Rb3+ Kc1 69. Ra3 {keeps the draw}) 64... Kg2 (64...
Ke2 {is trickier} 65. e6 $1 {only move} (65. Ke7 Kd2 66. Ke8 Kc2 67. Ra7 Kb3
68. Rb7+ Kc4 69. Ra7 (69. Rb2 Kc3 70. Re2 Kb3 71. Re3+ Kc4 72. Re2 Kd3 73. Rb2
Ke4 74. Re2+ Kf3 75. Rh2 Kg3 76. Re2 Kxh4 $19 {Wh still can't take the f pawn})
69... Kd5 70. Kf8 (70. Ra5+ Ke6 71. Kf8 f5 $1 72. Ra6+ (72. exf6 Kxf6 73. Ra6+
Ke5 74. Ke7 Kd4 75. Kd6 Kc3 76. Kc5 Rc1 $1 $19 {Komodo11}) 72... Kxe5 73. Ra4
f4 $19)) 65... fxe6 66. Kxe6 Kd2 67. Kd5 Kc1 68. Kc4 Kb2 (68... Kc2 69. Ra5 $11
) 69. Rb3+ $11) 65. Kg5 Kf2 66. Kxh5 Ke2 67. Rg3 $2 (67. Kh6 Kd2 68. h5 Kc2 69.
Kg7 Kb2 70. Ra7 Rh1 71. Kxf7 Rxh5 72. Rxa2+ Kxa2 73. e6 Re5 74. e7 Rxe7+ 75.
Kxe7 $11) 67... Rf1 $19 68. Rg2+ Rf2 69. Rg1 Rf5+ (69... Kd3 70. Kh6 Rg2 71.
Re1 (71. Rxg2 a1=Q $19) 71... Kc2 72. Kh7 Kb2 73. h5 a1=Q $19) 70. Kg4 Rf1 71.
Rg2+ Rf2 72. Rg1 Ke3 (72... Kd3 $19) 73. Kg3 (73. Rg3+ {Komodo11} Kd2 74. Ra3
$11 Kc1 75. Ra7 Kb1 76. Rb7+ Rb2 77. Rxf7 Rb5 78. Rf1+ Kb2 79. Kf5 a1=Q 80.
Rxa1 Kxa1 81. h5 $11 Ka2 82. h6 Rb7 83. Kg6 Rb6+ 84. Kg7 Rb7+ 85. Kf6 Kb3 86.
e6 Rh7 87. e7 Rxh6+ 88. Kf7 Rh7+ 89. Kf8 Rxe7 90. Kxe7 $11) 73... Rb2 74. Ra1
Ke4 $19 75. Re1+ Kf5 (75... Kd3 76. Ra1 Kc3 77. h5 Rc2 $19) 76. Ra1 Kxe5 {Bl
wins against all of Wh's possible moves- Lomonosov tablebases} (76... Rb3+ 77.
Kf2 Rh3 78. Kg2 Ra3 $19 {Komodo11}) 77. Kf3 Kf5 (77... Kd4) (77... Rb3+ 78. Kf2
Ra3 {cuts the Wh K off from the h pawn}) 78. Kg3 Rb3+ (78... Ke4 79. h5 Kf5 80.
Kh4 Rb4+ 81. Kg3 Ra4) 79. Kg2 Ra3 80. Kf2 Kg4 81. Kg2 Kxh4 82. Kf2 Kg4 83. Ke2
f5 (83... Kg3 84. Rg1+ Kh2 85. Ra1 f5) 84. Kf2 Kf4 {[%emt 0:00:17] mate in} (
84... f4 {mate in 17, both Nalimov tablebases}) 85. Kg2 Ke3 86. Kf1 Kd2 (86...
f4) 87. Kg2 $19 {(draw agreed)} (87. Kg2 Ke2 {mate in 12, Nalimov tablebases})
1/2-1/2

[Event "Dyfed Open"]
[Site "?"]
[Date "2018.02.17"]
[Round "3"]
[White "Whale, Michael"]
[Black "Orton, Paul"]
[Result "1-0"]
[WhiteElo "1743"]
[BlackElo "1608"]
[Annotator "Rudy"]
[PlyCount "97"]
[EventDate "2018.??.??"]

1. e4 e5 2. Nf3 Nc6 3. Bb5 a6 4. Ba4 Nf6 5. Bxc6 dxc6 6. d3 Bd6 7. Nc3 (7. Nbd2
{main in this line}) 7... O-O (7... c5 8. h3 Be6 9. Be3 h6 10. a4 c4 11. d4
exd4 12. Bxd4 Bb4 13. O-O {Alekhine-Bogoljubow, Wld ch 1934,1-0}) 8. Bg5 h6 (
8... Bg4 9. O-O Qd7 10. Bxf6 gxf6 11. h3 Be6 12. d4 Bxh3 13. gxh3 Qxh3 14. dxe5
Kh8 $19 {Lymysalo-Rozman, EU ch U10,Mureck 2010,0-1}) 9. Bd2 Re8 10. Qe2 Be6
11. O-O-O $6 (11. O-O $11) 11... c5 $15 {Bl can start a rapid pawnstorm} 12. h3
b5 13. g4 b4 14. Nb1 (14. Na4 Bd7 15. b3 Bxa4 16. bxa4 Qd7 $15 (16... Nd7 $15))
14... Bxa2 $17 15. g5 hxg5 16. Bxg5 (16. Rdg1) 16... Be6 (16... a5 17. h4 a4
18. h5 Be6 19. h6 g6 20. Nbd2 a3 21. b3 Be7 $17 {Komodo11- Bl will win the
ending if pieces just swap off}) 17. Rdg1 $11 g6 {this provides Wh with a
target to open the h file- beware of moving pawns on the side where one is
underattack.} (17... a5 18. Qe3 Ra6 (18... a4 19. Bh4 Be7 20. Nxe5 Ra6 (20...
Qd6 21. Nc6 $16 Nd5 22. Qh6 Qf4+ 23. Qxf4 Nxf4 24. Nxe7+) 21. Qh6 Bg4 22. Rxg4
Nxg4 23. Qxa6 Nxe5 24. Bxe7 Qxe7 $15) 19. Bh4 Be7 (19... Bf8) 20. Nxe5 a4 $15)
18. h4 $18 Kg7 19. h5 Rh8 20. h6+ {but this closes the position down} (20. Nh4
Be7 (20... Rxh5 21. Bxf6+ Kxf6 (21... Qxf6 22. Qxh5) 22. Qf3+ Ke7 23. Nxg6+ $1
fxg6 24. Rxh5 $18 {taking the R backleads to mate} gxh5 $2 25. Rg7+ Ke8 26.
Qxh5+ Kf8 27. Qh8+ Bg8 28. Qxg8# {Komodo11}) 21. hxg6 Nd5 22. Bxe7 Nf4 23. Qf3
Qxe7 24. gxf7+ Kxf7 25. Nf5 $16) (20. Nbd2 {bringing another piece may be even
stronger} a5 21. Nh4 Be7 22. hxg6 Nd5 23. exd5 Bxg5 {is no longer a check} 24.
dxe6 fxe6 25. Qxe5+ Bf6 26. Qxe6 $18 {Komodo11}) 20... Kh7 (20... Kf8 21. h7
Ke8 22. Nbd2 Qe7 (22... Kd7 23. Nxe5+ Bxe5 24. Nf3 Bd6 25. e5 $18) (22... Rb8
23. Bh6 Rxh7 24. Ng5 Kd7 25. f4 $16) 23. Nh4 Rxh7 24. Qf3 $18 {Komodo11}) 21.
Bh4 Kg8 22. Ng5 Rxh6 $2 {leads to shattered pawn structure} (22... Qe8 23. Qf3
(23. h7+ Nxh7 (23... Kg7 24. f4 $18) 24. Nxh7 Rxh7 25. Bf6 Be7 26. Bxe5 f6 27.
Bxc7 Rxh1 28. Rxh1 Qc8 29. Bg3 c4 $11) 23... Nh7 24. Nd2 a5 $11 {Komodo11}) 23.
Nxe6 fxe6 24. Nd2 (24. Qf3 Be7 25. Bxf6 Rxh1 26. Qxh1 Bxf6 27. Rxg6+ Bg7 28.
Nd2 $18 {Bl may on paper have an extra pawn, but they are a scattered mess ,
with a B vastly inferior to the Wh N}) 24... Be7 (24... Qf8 25. Nc4 a5 26. f4
Nh7 27. fxe5 Be7 28. Qg4 $16 {Komodo11}) 25. Nf3 $18 Qd6 26. Bg3 (26. Qe3 Rh5
27. Rg5 Nd5 (27... Rxg5 28. Qxg5) 28. Rxg6+ Kf7 29. exd5 Kxg6 30. Qe4+ Kf7 31.
dxe6+ Qxe6 32. Qxa8 Bxh4 33. Nxh4 $18 {Komodo11}) 26... Rxh1 27. Rxh1 Nd7 28.
Qe3 $16 Bf6 29. Qh6 Nf8 30. Qh2 Qe7 31. Nxe5 Qg7 32. Nc4 {gives Wh a safe
positional advantage} (32. Ng4 $1 Bxb2+ 33. Kb1 Kf7 34. Bxc7 Bd4 35. Qd6 g5 36.
Qc6 Rc8 37. e5 $18 {Komodo11}) 32... Rc8 33. e5 $18 Bg5+ 34. f4 Be7 35. Bh4 (
35. Na5 {Komodo11}) 35... Bxh4 36. Qxh4 Qh7 37. Qe1 Qf7 38. Rf1 (38. Qg3) 38...
Re8 (38... Qd7) 39. Ne3 Nd7 40. Ng4 (40. Qg3 $16) 40... Kg7 $14 41. Ne3 Rh8 42.
Qg3 Kf8 (42... Rh5) 43. Rg1 Rg8 (43... Ke7 $11) (43... Nb6 $11 {both offer to
return the extra pawn, when Bl has more piece activity}) 44. Ng4 Ke8 $2 (44...
Rh8 45. b3 a5 $14 (45... Rh5 $14)) 45. Nh6 $18 Qh7 46. Nxg8 Qxg8 47. Qxg6+ Qxg6
48. Rxg6 Kf7 49. Rh6 1-0

[Event "Dyfed Open"]
[Site "?"]
[Date "2018.02.17"]
[Round "3"]
[White "Hurn, Robert AJ"]
[Black "Francis, Matthew"]
[Result "0-1"]
[WhiteElo "1592"]
[BlackElo "1694"]
[Annotator "Rudy"]
[PlyCount "84"]
[EventDate "2018.??.??"]

1. d4 d5 2. c4 c6 3. Nc3 Nf6 4. e3 a6 (4... e6) 5. Nf3 Bg4 (5... b5) (5... Bf5)
(5... e6) 6. Qb3 b5 7. cxd5 cxd5 (7... Bxf3 8. gxf3 cxd5 {main}) 8. Ne5 e6 (
8... Bf5) 9. Bd3 (9. Nxb5 {4-0} axb5 10. Bxb5+ Nbd7 (10... Ke7 11. Bd2 Qc7 12.
O-O Bh5 13. Rfc1 Qb7 14. Ba5 $18 {Tarasov-Kilpela, Lahti op 1999,1-0}) 11.
Bxd7+ Nxd7 12. Nxg4 $16 {Martinez-Di Pietro Paolo, Dos Hermanas blitz 2004,1-0}
) 9... Bd6 (9... Be7 10. O-O O-O 11. Bd2 Nbd7 12. Nc6 Qe8 13. Nxe7+ (13. f3 $16
) 13... Qxe7 14. f3 Bh5 15. Ne2 $16 {Vilanova Guardiola-Vicedo Navau, Llinars
del Valles op 2014,1-0}) 10. O-O (10. a4 b4 11. Ne2 (11. Na2) 11... Bh5 12. Bd2
Qe7 13. Nf4 O-O 14. Rc1 $14 {Gruettemeier-Schmidt, Oberliga NRW 1994,1-0})
10... O-O 11. Bd2 (11. e4) (11. f4) 11... Nbd7 (11... Bxe5 12. dxe5 Nfd7 13.
Qc2 (13. f4 Nc5) 13... Nxe5 14. Bxh7+ Kh8 15. f4 Nec6 16. h3 Bh5 17. g4 f5 18.
gxh5 Kxh7 19. Ne2 $11 {Komodo11}) 12. f4 Nb6 13. Nxg4 Nxg4 14. h3 Nf6 15. Be1
Nc4 $15 16. Bxc4 bxc4 (16... dxc4 $15 {Komodo11}) 17. Qc2 $11 Qb6 18. Bh4 Nd7
19. Nd1 {Wh is retreating} (19. f5 $11) 19... f6 (19... f5 $15) 20. Be1 (20. f5
$11) (20. g4 $11) 20... Qd8 {and now Bl starts to as well} (20... Rab8 $15) (
20... f5 $15) 21. Bc3 (21. e4 $11) (21. f5 $11) 21... f5 22. Be1 Qe8 23. Qe2
Nf6 24. Nc3 Qf7 (24... Bb4 25. Nd1 a5 $17) 25. Rb1 Rfb8 26. Bd2 a5 27. Qd1 Qd7
(27... Bb4) 28. Bc1 Bb4 29. Bd2 Bxc3 30. Bxc3 Ne4 $17 31. Qc2 a4 $19 32. Rfc1
Rb7 33. b3 axb3 34. axb3 cxb3 (34... Ra3 $19) (34... Rab8 35. b4 Nxc3 36. Qxc3
Qe7 $19) 35. Rxb3 Rc7 36. Qb2 Rac8 37. Qa3 (37. Bd2 Rxc1+ 38. Bxc1 Qd8 $17 {
Komodo11}) 37... Qd8 $19 (37... Rc4 $19) (37... h6 $19) 38. Bb2 (38. Qa1 h6 $19
) 38... Rxc1+ 39. Bxc1 Qh4 $1 $19 {all the Wh forces are on the other side of
the board} 40. Rb1 Qf2+ (40... Rc2 $1) (40... Qe1+ 41. Kh2 Nf2) 41. Kh2 Rc2 (
41... Qg3+ 42. Kg1 Qe1+ 43. Kh2 {gets back to 2nd var in the note above}) (
41... Kf7 42. Qa7+ Kg6 43. Qd7 Rc2 44. Qxe6+ Nf6 45. Bd2 Rxd2 46. Rg1 Rd3 $19)
42. Rb2 $2 {missing the draw ( & the mate)} (42. Qa8+ Kf7 43. Rb7+ Kg6 44. Qe8+
Kh6 45. Rxg7 Kxg7 46. Qe7+ Kh6 47. Qf8+ Kh5 48. Qf7+ Kh6 49. Qf8+ $11 {
repetition}) (42. Rb8+ Kf7 43. Rb7+ Kg6 (43... Kf6 $2 44. Qf8+ Kg6 45. Qxg7+
Kh5 46. Qxh7#) 44. Rxg7+ Kxg7 45. Qe7+ $11 {Komodo11}) 42... Qxg2# 0-1

[Event "Dyfed Open"]
[Site "?"]
[Date "2018.02.17"]
[Round "3"]
[White "Jones, Dewi"]
[Black "Buttell, David"]
[Result "0-1"]
[WhiteElo "1512"]
[BlackElo "1782"]
[Annotator "Rudy"]
[PlyCount "86"]
[EventDate "2018.??.??"]

1. e4 c5 2. Nc3 Nc6 3. f4 g6 4. Nf3 Bg7 5. Bc4 e6 6. f5 {an interesting sac to
open up lines early} (6. O-O) 6... Nge7 (6... gxf5 7. d3) 7. fxg6 (7. fxe6) (7.
O-O {main lines}) 7... hxg6 (7... fxg6 {more frequent}) 8. d3 a6 (8... d5) 9.
a3 b5 10. Ba2 Nd4 $15 (10... Bb7 $15 11. Bf4 Qb6 12. O-O Nd4 {Fahrner-Gyokos,
Werfen 1990,0-1}) 11. Nxd4 cxd4 12. Ne2 Nc6 (12... d5) 13. Bf4 $11 Qe7 14. Qd2
(14. O-O) 14... e5 15. Bg3 Bh6 16. Qd1 Be3 17. Bf2 Bxf2+ 18. Kxf2 Qf6+ (18...
f5 $15) 19. Ke1 (19. Kg1 $11) 19... Qh4+ 20. g3 Qh7 21. Qd2 Qh6 22. Qxh6 Rxh6
23. Kd2 $14 Nd8 24. Raf1 d6 25. Rf6 {(draw?)} Ke7 26. Rf2 $11 Be6 27. Bxe6 Nxe6
28. Rhf1 Rh7 29. h4 Rah8 30. Rf6 $6 (30. c3 $11) 30... Nf4 31. R6xf4 exf4 32.
Nxf4 g5 33. Nd5+ (33. hxg5 Rh2+ 34. Ne2 R8h5 $15) 33... Kd8 (33... Kf8 $15) 34.
hxg5 (34. Nf6 Rh6 35. h5 $11) 34... Rh2+ 35. Kd1 Rg2 (35... Rh1 36. Rxh1 Rxh1+
37. Kd2 Rg1 38. Nb4 Rg2+ 39. Kd1 Rxg3 40. Nxa6 Rxg5 $17) 36. Nb4 Rhh2 37. Nxa6
$2 {missing} (37. Nc6+ Kd7 38. Nxd4 $11) 37... Rd2+ $19 38. Kc1 Rxc2+ 39. Kd1
Rxb2 40. Kc1 Ra2 41. Kb1 Rxa3 (41... Rhb2+ 42. Kc1 Rb3 43. Rd1 Ra1+ 44. Kc2
Rc3+ 45. Kd2 Ra2+ (45... Rxd1+ 46. Kxd1 Rxd3+ {looks more human}) 46. Ke1 Rcxa3
47. Nb4 Rb2 48. Nd5 Rh2 49. Kf1 Rh1+ 50. Ke2 Ra2+ 51. Rd2 Rh2+ {Komodo11}) 42.
Rxf7 Rxd3 (42... Rxa6) 43. g6 Rd1# 0-1

[Event "Dyfed Open"]
[Site "?"]
[Date "2018.02.17"]
[Round "3"]
[White "Denham, Colin"]
[Black "Howell, Alun"]
[Result "1/2-1/2"]
[WhiteElo "1653"]
[BlackElo "1691"]
[Annotator "Rudy"]
[PlyCount "110"]
[EventDate "2018.??.??"]

1. e4 c5 2. Nf3 d6 3. d4 cxd4 4. Nxd4 Nf6 5. Nc3 a6 6. Bd3 e5 7. Nde2 (7. Nb3)
(7. Nf3) 7... Be6 8. O-O Nc6 9. a3 (9. Be3) 9... Be7 10. Ng3 O-O (10... h6 11.
Kh1 O-O 12. f4 exf4 13. Bxf4 Ne5 14. Be3 d5 {Trujillo-Rivera, Puerto Boyaca op
2012,0-1}) 11. Bd2 (11. Nh5 Rc8 12. f4 Kh8 13. f5 Bd7 14. Nxf6 Bxf6 15. Nd5 Ne7
16. Nxf6 gxf6 17. Qh5 {Bokiev-Davis, ICCF email 2014,1-0}) 11... b5 12. b4 (12.
h3) 12... Rc8 13. Kh1 (13. Nh5) 13... Qd7 (13... d5 $15) 14. f3 d5 15. exd5
Nxd5 16. Nxd5 Bxd5 $15 17. f4 Bf6 (17... Rfd8 $17 {Komodo11}) 18. Bf5 (18. Nh5)
18... Be6 19. Bxe6 Qxe6 20. Ne4 Rfd8 {Bl has more active pieces & a backward c
pawn to aim at} 21. Nxf6+ Qxf6 22. Qg4 Nd4 (22... e4 $17) 23. fxe5 Qxe5 (23...
Qe6 24. Qxe6 Nxe6 25. Be3 Rxc2 26. a4 h6 $15 {Komodo11}) 24. Rae1 Qc7 25. Bg5
Rd7 26. Rd1 (26. Bf4 Qc6 27. Be5 Ne6 28. Rf2 h6 $15 {Komodo11}) 26... Ne6 $17
27. Bh6 (27. Rde1) 27... Rxd1 28. Rxd1 Rd8 (28... Qxc2 $19) 29. Rxd8+ Qxd8 30.
Bc1 (30. Be3 $11) 30... Qf6 31. Qe2 h6 $15 32. h3 Qd4 33. Kh2 Kf8 34. Qf3 Qe5+
35. g3 f6 36. Qa8+ Kf7 37. Qb7+ Kg6 (37... Qc7) 38. Qf3 Nd4 39. Qg4+ Kh7 40.
Qd1 (40. Bb2 Nf3+ 41. Qxf3 Qxb2 42. Qf5+ $11 {Komodo11}) 40... Qe4 $17 41. h4 (
41. Qd3 Nf3+ 42. Kh1 Qxd3 43. cxd3 Kg6 $17 {Komodo11}) 41... Qxc2+ (41... Nxc2
$19 {Komodo11}) 42. Qxc2+ Nxc2 $17 43. Kh3 (43. h5) 43... Kg6 (43... h5 $19)
44. Kg4 h5+ 45. Kf4 Nd4 $19 46. Bb2 Ne6+ (46... Nf5 $1 47. Bc3 Nd6 48. Bb2 Nc4
49. Bc1 f5 $19 {the B is tied down, so Bl can slowly move forward} 50. Kf3 Kf7
51. Kf4 Kf6 52. Kf3 Ke5 53. Ke2 Ke4 54. Kf2 Kd3 55. Kf3 Kc3 56. Kf2 Kc2 57. Bg5
Nxa3 58. Be7 Kc3 59. Kf3 Nc2 60. Kf4 Nxb4 $19 {Komodo11}) 47. Ke4 Kf7 48. Kd5 {
Wh has an active K , which is equivalent to a pawn} Ke7 49. Kc6 $11 g5 50. hxg5
{dangerous to allow Bl an outside passed pawn} (50. Kb7 g4 51. Kxa6 f5 52. Bc1
f4 53. Kxb5 fxg3 54. Be3 Ng7 55. Ka6 Kd6 56. b5 $18 {Komodo11}) 50... fxg5 $19
51. Be5 h4 52. gxh4 gxh4 53. Kb6 h3 (53... Kd7 54. Kxa6 Kc6 55. a4 bxa4 56. b5+
Kd5 {the N can stop the remaining B pawn, while the Wh B has to deal with 2
separate passed pawns}) (53... Ng5 54. Kxa6 Ke6 55. Bc7 Nf3 56. Bf4 Kf5 57. Bd6
Ne5 58. Bc5 h3 59. Bg1 Nf3 {Komodo11, is one of those finely calculated
endgames one would rather not have when in time pressure( or otherwise, the
other varition above is much easier to play)}) 54. Kxa6 $11 Nd4 55. Kb6 (55.
Bh2 Ke6 56. Ka5 Kd5 57. a4 Nf3 58. Bf4 bxa4 59. Kxa4 $11 {Komodo11}) 55... Ke6
{(draw agreed), but it seems Bl is still winning!} (55... Ke6 56. Bh2 Kd5 57.
Bb8 Kc4 58. Bf4 Nc2 59. Kc6 Nxa3 60. Kd6 Nc2 61. Ke5 Nxb4 $19 {Komodo11})
1/2-1/2

[Event "Dyfed Open"]
[Site "?"]
[Date "2018.02.17"]
[Round "3"]
[White "Morgans, Justin"]
[Black "Miller, John S"]
[Result "1/2-1/2"]
[WhiteElo "1668"]
[BlackElo "1648"]
[Annotator "Rudy"]
[PlyCount "115"]
[EventDate "2018.??.??"]

1. d4 Nf6 2. c4 g6 3. Nf3 Bg7 4. Nc3 O-O 5. e4 d6 6. Be2 a6 (6... e5) (6...
Nbd7 {main lines}) 7. O-O Ne8 $146 (7... Bg4) (7... c6 {main lines}) 8. Be3 $16
Nc6 9. Qd2 e5 10. d5 (10. dxe5 dxe5 11. Qxd8 Nxd8 12. Bc5 Nd6 13. Nd5 Ne6 14.
Nxc7 Nxc5 15. Nxa8 $16) 10... Ne7 11. Bg5 (11. Ne1 f5 12. f3 {gets back to
more regular positions in the King's Indian}) 11... f5 (11... f6 12. Be3 f5)
12. exf5 gxf5 13. h4 $5 (13. Nh4 {more usual type of move}) 13... f4 $11 14.
Ne4 h6 15. Bxe7 Qxe7 $15 16. g3 {not generally a good idea to make pawn moves
on the side where one is inferior.} (16. b4 {is more logical, though Wh would
rather the h pawn was on h2 than h4}) 16... Bf5 (16... Nf6) 17. Bd3 Bg4 (17...
Bh3 $17 {Wh needs to give up an exchange because of the loose N on f3}) 18. Nh2
Bh3 19. Rfe1 Nf6 20. Bf1 Nxe4 21. Rxe4 Bf5 $17 22. Qxf4 $5 Qd7 (22... Qf7 $19
23. Qe3 Bxe4 24. Qxe4 Qxf2+ 25. Kh1 Qxg3) (22... Qf6 $19) 23. Qe3 $11 Bxe4 24.
Qxe4 Qf5 25. Qxf5 Rxf5 26. Bh3 Rff8 27. Be6+ Kh8 28. Re1 {although an exchange
up, Bl has lost control over the wh squares} h5 29. Re4 Rf6 30. Kg2 Raf8 31. f3
Bh6 (31... c5) 32. g4 Rf4 33. g5 Bg7 34. Kg3 Rxe4 35. fxe4 $11 b5 36. cxb5 axb5
37. Bf5 Ra8 38. a3 Ra4 39. Nf3 b4 40. axb4 Rxb4 41. Bg6 Rc4 (41... Rxb2 42.
Bxh5 $11) 42. b3 Rc3 43. Bxh5 Rxb3 44. Bg6 Rc3 45. h5 c5 46. dxc6 Rxc6 47. h6
Bf8 48. Bf7 Rc3 49. Kg4 Kh7 (49... Re3 50. Bd5 Kh7) 50. Be6 (50. Nh4 $16) 50...
Bxh6 51. gxh6 Kxh6 52. Ng5 (52. Nh4) 52... Rc1 (52... Kg7 $11) 53. Nf7+ Kg7 54.
Nxd6 Rc6 55. Nf5+ Kf6 56. Bd5 Rc1 57. Ng3 Rg1 58. Kh4 $14 1/2-1/2

[Event "Dyfed Open"]
[Site "?"]
[Date "2018.02.17"]
[Round "3"]
[White "Jones, Gavin"]
[Black "Andrews, Norman G"]
[Result "0-1"]
[WhiteElo "1658"]
[BlackElo "1642"]
[Annotator "Rudy"]
[PlyCount "78"]
[EventDate "2018.??.??"]

1. e4 c5 2. Nc3 g6 3. g3 Nc6 4. Bg2 Bg7 5. Nge2 d6 6. O-O Nf6 (6... e6) 7. h3
O-O 8. d3 Nd7 (8... Rb8) (8... Bd7) (8... a6) 9. f4 (9. Be3) 9... Nd4 (9... Rb8
) 10. Kh2 $146 (10. f5) (10. Be3) (10. Nd5) 10... f5 11. Nd5 Nxe2 12. Qxe2 e6
13. Ne3 Nb6 14. c3 (14. exf5 exf5 15. Re1 Re8 $11) 14... Bd7 15. exf5 exf5 (
15... gxf5 $5) 16. Bxb7 Rb8 17. Qg2 $14 Re8 18. Bf3 Bb5 (18... Na4) 19. Rd1 (
19. c4 Bd7 20. Rb1 Kh8 $14) 19... Ba4 20. Rg1 Nd7 21. Nd5 (21. Nc4 Nb6 22. b3
Bxc3 23. Bb2 Bxb2 24. Qxb2 $16 {Komodo11}) 21... Bb5 22. Qc2 Nf6 23. Be3 {
obstructs the e file} (23. Bd2 $16) 23... Kh8 24. Rge1 (24. Bf2) 24... a6 25.
Bf2 Nxd5 26. Bxd5 Qc7 27. Qd2 Bc6 28. Bb3 (28. Bxc6 Qxc6 29. d4 $16 {Komodo11})
28... a5 29. d4 (29. Rxe8+ Rxe8 30. Re1 $16 {Komodo11}) 29... a4 (29... Be4)
30. Rxe8+ Rxe8 31. Bd1 (31. Bc4 d5 32. Be2 c4 33. Bf3 $14 {Komodo11}) 31... Qe7
(31... Qf7 $15) 32. d5 Bd7 (32... Bb5 $11) 33. Bf3 $16 Bf6 34. h4 (34. Re1 $16)
34... h5 35. Qd3 Qf7 36. Qa6 Qf8 37. Rc1 (37. Qb7 $16 Qg7 38. Re1 Rxe1 39. Bxe1
Be8 40. Qb8 Qe7 41. Bd2 $16 {Komodo11}) 37... Ra8 (37... Rb8) 38. Qc4 (38. Qd3
Rb8 39. Qc2 $16 {Komodo11}) 38... Rb8 39. Rc2 $2 (39. Qe2 $14) 39... Bb5 0-1